000 01551cam a22003737a 4500
001 16726799
003 ARRUPE
005 20151112110944.0
008 110408s2011 orua b 001 0 eng d
010 _a 2011281415
020 _a1608998126
020 _a9781608998128
020 _a9780718892739 (pbk.)
035 _a(OCoLC)ocn696718708
040 _aYDXCP
_cYDXCP
_dDTM
_dBWX
_dDLC
042 _alccopycat
050 0 0 _aB485
_b.M33 2011
100 1 _aMachuga, Ric.
_921046
245 1 0 _aLife, the universe, and everything :
_ban Aristotelian philosophy for a scientific age /
_cRic Machuga.
260 _aCambridge
_bThe Lutterworth Press,
_cc2011.
300 _axvi, 308 p. :
_bill. ;
_c23 cm.
504 _aIncludes bibliographical references (p. 291-297) and index.
505 0 _aWhat is a good argument? -- Has science made philosophy obsolete? -- What is a "scientific" proof? -- What is truth? -- What is real? -- How do we know? -- What does it mean to be human? -- Why should we care about morality? -- Are humans really free? -- Does God exist? -- How can a good God allow evil? -- Why should we believe in God?
600 0 0 _aAristotle.
_921047
650 0 _aScience
_xPhilosophy.
_921048
650 0 _aGod
_xProof.
_9148
650 0 _aLife.
_913910
650 0 _aCosmology.
_921049
650 0 _aReligion and science.
_921050
650 0 _aApologetics.
_921051
906 _a7
_bcbc
_ccopycat
_d2
_encip
_f20
_gy-gencatlg
942 _2lcc
_cMONOGRAPH
999 _c123774
_d123774